[Event "COL Intercollegiate-ch"]
[Site "Manizales"]
[Date "2022.04.28"]
[Round "6.8"]
[White "Malagon Guzman, Juan Daniel"]
[Black "Mercado Tapias, Juan Diego"]
[Result "1-0"]
[WhiteElo "1593"]
[BlackElo "1572"]
[PlyCount "53"]
[EventDate "2022.04.26"]
[EventType "swiss"]
[EventRounds "7"]
[EventCountry "COL"]
[SourceTitle "EXT 2023"]
[Source "ChessBase"]
[SourceDate "2022.10.05"]
[SourceVersion "1"]
[SourceVersionDate "2022.10.05"]
[SourceQuality "1"]

1. e4 c5 2. Nf3 Nc6 3. c3 e5 4. Bc4 Be7 5. d4 cxd4 6. cxd4 d6 7. Qb3 Na5 8. Qa4+ Bd7 9. Bb5 Nc6 10. d5 Nb8 11. Nc3 f5 12. exf5 h6 13. Be3 Nf6 14. Rc1 0-0 15. Nh4 a6 16. Bxd7 Nfxd7 17. Ng6 Rxf5 18. Qg4 Rf7 19. Ne4 Qa5+ 20. Nc3 Kh7 21. 0-0 Nf6 22. Qf5 Kg8 23. Qe6 Qc7 24. Ne4 Qd7 25. Rc8+ Kh7 26. Qxf7 Qxc8 27. Nxe7 1-0

[Event "COL-ch U16"]
[Site "Bogota"]
[Date "2021.03.24"]
[Round "1"]
[White "Malagon Guzman, Juan Daniel"]
[Black "Guarin Fonseca, Nobel Alfredo"]
[Result "1-0"]
[WhiteElo "1482"]
[BlackElo "1862"]
[PlyCount "121"]
[EventDate "2021.03.24"]
[EventType "swiss"]
[EventRounds "7"]
[EventCountry "COL"]
[SourceTitle "EXT 2022"]
[Source "ChessBase"]
[SourceDate "2021.10.06"]
[SourceVersion "1"]
[SourceVersionDate "2021.10.06"]
[SourceQuality "1"]

1. e4 e6 2. d4 d5 3. exd5 exd5 4. c4 Bb4+ 5. Nc3 Nf6 6. Nf3 0-0 7. Be2 dxc4 8. Bxc4 Re8+ 9. Be3 Nd5 10. Bxd5 Qxd5 11. Qa4 Nc6 12. 0-0 Bxc3 13. bxc3 Bg4 14. c4 Qd6 15. d5 Bxf3 16. gxf3 Ne5 17. Qc2 Nxf3+ 18. Kg2 Nh4+ 19. Kh1 Qf6 20. Qe2 Qg6 21. f3 Rxe3 22. Qf2 Nf5 23. Rae1 Rae8 24. Rxe3 Rxe3 25. Rg1 Qh5 26. Rg4 Qh3 27. Rf4 Rc3 28. Qe1 Ng3+ 29. Kg1 Rc1 30. Re4 Rxe1+ 31. Rxe1 g6 32. hxg3 Qxg3+ 33. Kf1 Qxf3+ 34. Kg1 Qg3+ 35. Kf1 Qxe1+ 36. Kxe1 h5 37. Kf2 g5 38. a4 Kf8 39. c5 Ke7 40. a5 f5 41. Kg3 b6 42. d6+ cxd6 43. cxb6 h4+ 44. Kh3 axb6 45. a6 Ke6 46. a7 d5 47. a8Q d4 48. Qe8+ Kd5 49. Qd7+ Ke4 50. Qe6+ Kf4 51. Qxb6 Ke5 52. Qb5+ Ke4 53. Qe2+ Kd5 54. Qg2+ Kc4 55. Qxg5 Kc3 56. Qc1+ Kd3 57. Qd1+ Ke3 58. Kxh4 d3 59. Qe1+ Kf4 60. Qd2+ Ke4 61. Kg5 1-0

[Event "COL-ch sf"]
[Site "Bogota"]
[Date "2020.11.13"]
[Round "2"]
[White "Valle, Efrain"]
[Black "Malagon Guzman, Juan Daniel"]
[Result "1-0"]
[WhiteElo "2039"]
[BlackElo "1445"]
[PlyCount "55"]
[EventDate "2020.11.12"]
[EventType "swiss"]
[EventRounds "8"]
[EventCountry "COL"]
[SourceTitle "CBM 199 Extra"]
[Source "ChessBase"]
[SourceDate "2021.01.31"]
[SourceVersion "1"]
[SourceVersionDate "2021.01.31"]
[SourceQuality "1"]

1. Nc3 d5 2. e4 dxe4 3. Nxe4 e5 4. Bb5+ c6 5. Bc4 Nf6 6. Ng5 Nd5 7. d3 Be7 8. N1f3 Bg4 9. Nxf7 Bb4+ 10. c3 Nxc3 11. bxc3 Bxc3+ 12. Bd2 Bxf3 13. gxf3 Bxd2+ 14. Ke2 Qd4 15. Nxh8 Bg5 16. Qb3 Nd7 17. Nf7 Bh4 18. Rhf1 b5 19. Bxb5 cxb5 20. Rac1 Nc5 21. Qxb5+ Kxf7 22. Rxc5 Rd8 23. Qc4+ Qxc4 24. dxc4 Rb8 25. Rb5 Rc8 26. Rb7+ Kg6 27. Rg1+ Kh6 28. Rg4 1-0

[Event "Pan American-ch School U13"]
[Site "Medellin"]
[Date "2019.11.14"]
[Round "5"]
[White "Malagon Guzman, Juan Daniel"]
[Black "Cotes Ontibon, Anibal Santiago"]
[Result "1-0"]
[WhiteElo "1439"]
[BlackElo "1319"]
[PlyCount "87"]
[EventDate "2019.11.12"]
[EventType "swiss"]
[EventRounds "9"]
[EventCountry "COL"]
[SourceTitle "CBM 193 Extra"]
[Source "ChessBase"]
[SourceDate "2020.01.31"]
[SourceVersion "1"]
[SourceVersionDate "2020.01.31"]
[SourceQuality "1"]

1. e4 e5 2. Nf3 Nc6 3. Bb5 a6 4. Ba4 Nf6 5. 0-0 Be7 6. Re1 b5 7. Bb3 0-0 8. c3 d5 9. exd5 Nxd5 10. Nxe5 Nxe5 11. Rxe5 c6 12. d4 Bd6 13. Re1 Qh4 14. g3 Qh3 15. Qf3 Bg4 16. Qg2 Qh5 17. Be3 Bf3 18. Qf1 Nf4 19. Bxf4 Bxf4 20. Bd1 Rfe8 21. Bxf3 Qxf3 22. Na3 Bd2 23. Red1 Re2 24. Qg2 Qf6 25. Nc2 Rae8 26. Nb4 Be1 27. Nd3 Bd2 28. Ne5 h6 29. Qf1 R8xe5 30. dxe5 Qxe5 31. a4 b4 32. cxb4 Qe4 33. b5 cxb5 34. axb5 axb5 35. Qg2 Qf5 36. Ra8+ Kh7 37. Rd8 Be1 38. R8d5 Qf6 39. Rxb5 Rxf2 40. Qe4+ g6 41. Rxe1 Rd2 42. Qe3 Rc2 43. Rf1 Qg7 44. Rb7 1-0

[Event "Pan American-ch School U13"]
[Site "Medellin"]
[Date "2019.11.13"]
[Round "3"]
[White "Malagon Guzman, Juan Daniel"]
[Black "Toro Castaneda, Miguel Angel"]
[Result "0-1"]
[WhiteElo "1439"]
[BlackElo "2055"]
[PlyCount "64"]
[EventDate "2019.11.12"]
[EventType "swiss"]
[EventRounds "9"]
[EventCountry "COL"]
[SourceTitle "CBM 193 Extra"]
[Source "ChessBase"]
[SourceDate "2020.01.31"]
[SourceVersion "1"]
[SourceVersionDate "2020.01.31"]
[SourceQuality "1"]

1. e4 c5 2. Nf3 Nc6 3. Nc3 g6 4. d4 cxd4 5. Nxd4 Bg7 6. Be3 Nf6 7. Bc4 0-0 8. Bb3 d6 9. f3 Bd7 10. Qd2 Nxd4 11. Bxd4 b5 12. 0-0-0 a5 13. g4 a4 14. Bd5 Rc8 15. Kb1 e6 16. Bb7 Rb8 17. Ba6 Bc6 18. Qd3 Qa5 19. Ba7 Qxa6 20. Bxb8 Rxb8 21. Qxd6 Rc8 22. h4 b4 23. Qxb4 Nd7 24. Qd6 Rb8 25. Qd3 Qa5 26. Kc1 a3 27. Qc4 axb2+ 28. Kb1 Qxc3 29. Qxc3 Bxc3 30. Rd6 Ne5 31. Rhd1 Nc4 32. R1d3 Na3# 0-1

[Event "Bogota Mentes op"]
[Site "Bogota"]
[Date "2019.09.16"]
[Round "1"]
[White "Malagon Guzman, Juan Daniel"]
[Black "Melo Ramirez, Marlon Roman"]
[Result "0-1"]
[WhiteElo "1268"]
[BlackElo "1923"]
[PlyCount "82"]
[EventDate "2019.09.16"]
[EventType "swiss"]
[EventRounds "5"]
[EventCountry "COL"]
[SourceTitle "CBM 192 Extra"]
[Source "Chessbase"]
[SourceDate "2019.11.06"]
[SourceVersion "1"]
[SourceVersionDate "2019.11.06"]
[SourceQuality "1"]

1. e4 d5 2. exd5 Qxd5 3. Nc3 Qa5 4. d4 Nf6 5. Nf3 c6 6. Bc4 Bf5 7. 0-0 e6 8. Re1 Bb4 9. Bd2 Nbd7 10. a3 Bxc3 11. Bxc3 Qc7 12. Qd2 0-0 13. Bd3 Bg6 14. Rad1 Nd5 15. Bxg6 hxg6 16. b3 Nxc3 17. Qxc3 Rfd8 18. Ng5 Qf4 19. Qe3 Qxe3 20. Rxe3 c5 21. Red3 c4 22. bxc4 Rdc8 23. c5 b6 24. cxb6 Nxb6 25. Rf3 Rc7 26. h3 Rd8 27. c3 Rd5 28. Ne4 Ra5 29. Nd6 Rd7 30. Ne4 Rxa3 31. Rdd3 Ra1+ 32. Kh2 a5 33. Nd2 Rc7 34. Kg3 a4 35. Rfe3 Rc1 36. f3 a3 37. Nb3 Rb1 38. c4 a2 39. c5 Nd5 40. Re2 Rxb3 41. Rxb3 a1Q 0-1

[Event "COL-chD"]
[Site "Bogota"]
[Date "2019.09.01"]
[Round "7"]
[White "Malagon Guzman, Juan Daniel"]
[Black "Contreras R, Wilson Mauricio"]
[Result "0-1"]
[WhiteElo "1344"]
[BlackElo "1742"]
[PlyCount "60"]
[EventDate "2019.08.28"]
[EventType "swiss"]
[EventRounds "7"]
[EventCountry "COL"]
[SourceTitle "EXT 2020"]
[Source "ChessBase"]
[SourceDate "2019.10.17"]
[SourceVersion "1"]
[SourceVersionDate "2019.10.17"]
[SourceQuality "1"]

1. e4 e5 2. Nf3 Nc6 3. Bb5 a6 4. Ba4 Nf6 5. 0-0 b5 6. Bb3 Be7 7. Re1 0-0 8. c3 d6 9. d4 Bg4 10. Bd5 Nxd5 11. exd5 f5 12. dxc6 e4 13. Qb3+ Kh8 14. Nfd2 d5 15. Nf1 f4 16. Nbd2 e3 17. Nxe3 fxe3 18. Rxe3 Bh4 19. Nf3 Rxf3 20. gxf3 Bh3 21. f4 Bg4 22. Bd2 g5 23. Rae1 Qg8 24. Re5 Bf3 25. fxg5 Qf7 26. Qc2 Bxf2+ 27. Kf1 Rf8 28. Re7 Bg2+ 29. Kxg2 Qf3+ 30. Kf1 Be3# 0-1

[Event "COL-ch Amateur U1700"]
[Site "Bogota"]
[Date "2017.03.02"]
[Round "1"]
[White "Macias Chavarro, Manuela"]
[Black "Malagon Guzman, Juan Daniel"]
[Result "1-0"]
[WhiteElo "1430"]
[BlackElo "1479"]
[PlyCount "149"]
[EventDate "2017.03.02"]
[EventType "swiss"]
[EventRounds "7"]
[EventCountry "COL"]
[SourceTitle "CBM 177 Extra"]
[Source "ChessBase"]
[SourceDate "2017.04.27"]
[SourceVersion "1"]
[SourceVersionDate "2017.04.27"]
[SourceQuality "1"]

1. e4 e5 2. Nf3 Nc6 3. Bb5 d6 4. h3 Nf6 5. d3 Be6 6. Bg5 Be7 7. c3 0-0 8. Nbd2 a6 9. Ba4 b5 10. Bc2 d5 11. Bxf6 Bxf6 12. 0-0 dxe4 13. Nxe4 Bd5 14. d4 exd4 15. Nxf6+ Qxf6 16. Nxd4 Nxd4 17. Qxd4 Qg5 18. g3 Rad8 19. Qc5 Qf6 20. Bd1 Qe6 21. Kh2 Qe4 22. f3 Qd3 23. Qf2 Bc4 24. Rg1 Qd2 25. Rg2 Qg5 26. Bc2 Qh6 27. b3 Be6 28. g4 f5 29. Kg1 fxg4 30. hxg4 Bd5 31. Rh2 Qf6 32. Bxh7+ Kh8 33. Be4+ Kg8 34. Bxd5+ Rxd5 35. Qe1 Qxf3 36. Qe6+ Qf7 37. Qxf7+ Rxf7 38. Re1 g5 39. Rhe2 Rf8 40. Re5 Rxe5 41. Rxe5 Rf3 42. Rxg5+ Kf7 43. c4 bxc4 44. bxc4 Kf6 45. Rg8 Kf7 46. Rg5 Rc3 47. Rc5 Rg3+ 48. Kf2 Rxg4 49. Rxc7+ Kg6 50. Kf3 Rg5 51. Rc6+ Kh5 52. Rxa6 Rc5 53. Ra4 Kg5 54. Ke4 Rf5 55. Kd3 Rf3+ 56. Kc2 Rf4 57. Ra5+ Kg4 58. c5 Kf3 59. Ra3+ Ke2 60. Rc3 Ra4 61. a3 Rf4 62. c6 Rf2 63. c7 Ke1+ 64. Kb3 Rf8 65. c8Q Rxc8 66. Rxc8 Kd2 67. a4 Kd3 68. a5 Kd4 69. a6 Kd5 70. a7 Ke5 71. a8Q Kd6 72. Qa5 Kd7 73. Qa6 Ke7 74. Rc7+ Kd8 75. Qc8# 1-0